logo

Bir Sreshtho Munshi Abdur Rouf Library
Jhenaidah Cadet College

Test your vocabulary / (Record no. 11446)

MARC details
000 -LEADER
fixed length control field 00614nam a2200229 a 4500
001 - CONTROL NUMBER
JCCL Control Number 11446
003 - CONTROL NUMBER IDENTIFIER
JCCL marc code BD-JhCC
005 - DATE AND TIME OF LATEST TRANSACTION
control field 20220811134024.0
008 - FIXED-LENGTH DATA ELEMENTS--GENERAL INFORMATION
fixed length control field 190919s20072003bg |||| |||| 000 0 eng d
020 ## - INTERNATIONAL STANDARD BOOK NUMBER
International Standard Book Number 9846431231
035 ## - SYSTEM CONTROL NUMBER
system control number (BD-JhCC)11446
040 ## - CATALOGING SOURCE
Original cataloging agency BD-JhCC
Modifying agency BD-JhCC
041 ## - LANGUAGE CODE
Language code of Book eng
082 ## - DEWEY DECIMAL CLASSIFICATION NUMBER
Classification number 428.24
Author mark and Year FAR 2007
100 ## - MAIN ENTRY--PERSONAL NAME
Personal name Faruk, Md. Iqbal
245 ## - TITLE STATEMENT
Title Test your vocabulary /
Statement of responsibility, etc Md. Iqbal Faruk,
260 ## - PUBLICATION, DISTRIBUTION, ETC. (IMPRINT)
Place of publication, distribution, etc Dhaka :
Name of publisher, distributor, etc Friends' Books Center,
Date of publication, distribution, etc 2007
300 ## - PHYSICAL DESCRIPTION
Pagination 358 p. :
Dimensions 21 cm.
490 ## - SERIES STATEMENT
Series statement Friends' Language Series.
650 ## - SUBJECT ADDED ENTRY--TOPICAL TERM
Topical term or geographic name as entry element Vocabulary -- English Language
942 ## - ADDED ENTRY ELEMENTS (KOHA)
Source of classification or shelving scheme Dewey Decimal Classification
Koha item type Books
Koha issues (borrowed), all copies 5
Holdings
Source of classification or shelving scheme Damaged status Not for loan Home library Current library Shelving location Date of accession Cost, normal purchase price Total Checkouts Total Renewals Full call number Barcode Date last seen Date checked out Copy number Koha item type
Dewey Decimal Classification     JCC Rouf Library JCC Rouf Library General Stacks 06/01/2019 130.00 4   428.24 FAR 2007 15033 08/22/2022 08/10/2022 C-1 Books

JCC Library | Contacts | JCC Home

Last Update on 23 September 2017
Copyright @ 2017-2020 JCC Rouf Library
Rouf Library, Jhenidah Cadet College (JCC), Bangladesh